000 00929nam a2200217 a 4500
001 000021624
005 20240229073935.0
008 100909s1958 dr r 000 0 spa d
040 _aDO-SdBNP
_bspa
_cBNPHU
082 _a972.93053
_bS715e
100 1 _aSosa, Andrés Nicolás
_944997
245 1 0 _aEnfoques de la obra de Trujillo /
_cAndrés Nicolás Sosa.
260 _aCiudad Trujillo, República Dominicana :
_b[s.n.],
_c1958.
300 _a150 p. ;
_c22 cm.
500 _aIncluye notas al pie de las páginas
500 _aEste libro se compone de articulos publicados ocasionalmente en ¨El Caribe¨de Ciudad de Trujillo e en ¨La Información¨de Santiago.
590 _aInventariado, 2018/BT
600 1 0 _aTrujillo Molina, Rafael Leónidas,
_d 1891-1961
_976764
651 4 _aRepública Dominicana
_xHistoria
_yERA DE TRUJILLO, 1930-1961
_vENSAYOS, CONFERENCIAS, ETC.
_912749
910 _aValidado. Control de calidad MFF
999 _c21123
_d21123